Statistics for Countries with more than 50 million people - One Minute Sprint

Click here to take the quiz!

General Stats

  • This quiz has been taken 66 times
  • The average score is 21 of 28

Answer Stats

datepopulationcountry% Correct
100 BC1386 mChina
100%
5001322 mIndia
98%
1880326 mUnited States
97%
196667 mFrance
95%
1949208 mBrazil
93%
189383 mGermany
93%
1969123 mMexico
91%
194866 mUnited Kingdom
90%
1916262 mIndonesia
86%
1964209 mPakistan
86%
1825147 mRussia
86%
1911127 mJapan
81%
1965194 mNigeria
81%
196061 mItaly
79%
1982105 mPhilippines
72%
1960163 mBangladesh
71%
198594 mEgypt
71%
198781 mIran
69%
1992102 mEthiopia
64%
201251 mSouth Korea
64%
198580 mTurkey
62%
197794 mVietnam
62%
200857 mSouth Africa
60%
198468 mThailand
60%
200382 mDem Rep Congo
59%
200555 mMyanmar
36%
201457 mTanzania
36%
201750 mKenya
31%

Score Distribution

Percentile by Number Answered

Percent of People with Each Score

Your Score History

You have not taken this quiz